000 00358nam a22001217a 4500
003 SGT
082 _a920
_bA20K
100 _aकुमार, श्याम
245 _aअपने खुद के शब्दों में :लता मंगेशकर
260 _bनियोगी बुक्स
_c2020
300 _a228
942 _2ddc
_cBK
999 _c32000
_d32000